MARC

LEADER 00000nam0a2200000 4500
001 231103
005 20231031202651.0
010 |a 450 экз. 
035 |a (RuTPU)RU\TPU\book\252119 
035 |a RU\TPU\book\252115 
090 |a 231103 
100 |a 20130129d1926 k y0rusy50 ca 
101 0 |a rus  |a fre 
102 |a RU 
105 |a ab z 001zy 
200 1 |a Состав и тектоника Кемеровского месторождения Кузнецкого каменноугольного бассейна  |f М. А. Усов  |g Геологический комитет (Геолком), Сибирское отделение (СО) 
210 |a Томск  |c Красное знамя  |d 1926 
215 |a 50 с.  |c ил. с 35 фигурами 
225 1 |a Известия Сибирского отделения Геологического комитета  |v Т. 5, вып. 4 
300 |a Резюме на фр. яз. 
317 |5 63413507: КР-652  |a Поступила в НТБ в 2004 г. в составе книжного собрания профессора ТПИ К. В. Радугина 
317 |5 63413507: КР-2139  |a Поступил в НТБ в 2004 г. в составе книжного собрания кафедры общей геологии 
320 |a Библиогр.: с. 44-46 
606 1 |a Угольные месторождения  |x Геология  |2 stltpush  |3 (RuTPU)RU\TPU\subj\62689 
610 1 |a каменноугольный бассейн 
610 1 |a каменноугольные месторождения 
610 1 |a состав 
610 1 |a угленосность 
610 1 |a тектоника 
610 1 |a Кузнецкий каменноугольный бассейн 
610 1 |a Кузбасс 
610 1 |a труды учёных ТПУ 
610 1 |a Библиотека К. В. Радугина 
610 1 |a Коллекция кафедры общей геологии 
610 1 |a Коллекция ТПУ 
610 1 |a оттиски 
610 1 |a дары библиотеке 
675 |a 553.94  |v 3 
700 1 |a Усов  |b М. А.  |c российский геолог  |c профессор Томского технологического института  |f 1883-1939  |g Михаил Антонович  |2 stltpush  |3 (RuTPU)RU\TPU\pers\1941 
712 0 1 |a СССР  |b Геологический комитет (Геолком)  |b Сибирское отделение  |c (1922-1930)  |2 stltpush  |3 (RuTPU)RU\TPU\col\18484 
801 1 |a RU  |b 63413507  |c 20130129 
801 2 |a RU  |b 63413507  |c 20220517  |g RCR 
942 |c BK